Engravings by Hogarth

Salvato in:
Dettagli Bibliografici
Autore principale: Shesgreen, Sean (Autore)
Natura: Libro
Lingua:inglese
Pubblicazione: Nueva York Dover 1973
Serie:Collections of Fine Art in Dover Books
Soggetti:
Tags: Aggiungi Tag
Nessun Tag, puoi essere il primo ad aggiungerne!!

MARC

LEADER 00000nam a2200000 a 4500
001 UCT3894
003 CL-VaPUC
008 961031e19730000US |||||||||||||||||eng|d
082 0 4 |a 761.2  |b SHE  |2 21 
100 0 |a Shesgreen, Sean  |e author  |9 372953 
245 1 0 |a Engravings by Hogarth 
300 |a 205 p 
942 |c BK 
945 |d 19961031 00:00:00  |a nastorga 
260 |a Nueva York  |b Dover  |c 1973 
600 0 7 |a HOGARTH, PAUL  |2 CL-VaPUC  |9 372954 
650 0 |a Grabados  |9 310822 
650 7 |a LAMINAS  |2 CL-VaPUC  |9 372955 
650 0 |a Artistas   |9 262026 
650 0 |a Obras de arte  |9 337253 
583 |a last modification  |c 19961031 00:00:00  |k Rodrigo Vera 
490 0 |a Collections of Fine Art in Dover Books 
999 |c 253398  |d 253396 
952 |0 0  |1 0  |4 0  |6 761_200000000000000_SHE_1973  |7 0  |8 P  |9 274226  |a BIBARQ  |b BIBARQ  |d 2019-11-19  |i 3243982  |o 761.2 SHE 1973  |p 3243982  |r 2025-01-20  |w 2019-11-19  |y BK  |k ARQ